000 00468nam a2200229Ia 4500
003 IT-RoPAU
008 120407s9999 xx 000 0 und d
040 _aIT-RoPAU
040 _cIT-RoPAU
041 _aita
100 _aGiuseppe Dalla Torre
245 _aAzione cattolica e fascismo.
250 _aRoma
260 _aAve
260 _c1981
300 _a144 p.
300 _c18,5 cm
490 _aMinima
490 _v2
942 _cBK
999 _c25770
_d25770